[Event "Masters"]
[Site "Hastings ENG"]
[Date "2009.01.04"]
[Round "8"]
[White "Rudd,J"]
[Black "Hendriks,W"]
[Result "1/2-1/2"]
[WhiteElo "2344"]
[BlackElo "2447"]

1.d4 Nf6 2.c4 g6 3.Nc3 Bg7 4.e4 d6 5.Nf3 O-O 6.Be2 Na6 7.O-O e5 8.Be3 Ng4
9.Bg5 Qe8 10.Nd5 exd4 11.Nxd4 Qe5 12.Nf3 Qxb2 13.Rb1 Qxa2 14.h3 h6 15.Bd2 Nf6
16.Ra1 Qxa1 17.Ne7+ Kh7 18.Qxa1 Ng8 19.Qa3 Nxe7 20.e5 Nc6 21.exd6 cxd6 22.Qxd6 Bf5
23.Qf4 Rfe8 24.Be3 Rad8 25.g4 Re4 26.Qg3 Be6 27.Rb1 Rd7 28.Qg2 Bxc4 29.Bxc4 Rxc4
30.Nd2 Rc2 31.Ne4 Nab4 32.Qf3 Ne5 33.Nf6+ Kh8 34.Qe4 Bxf6 35.Rxb4 Rc6 36.f4 Rd1+
37.Kg2 Nd7 38.Rxb7 Re6 39.Qc2 Rdd6 40.Bxa7 Rc6 41.Qa2 Ra6 42.Qb3 Re2+ 43.Kf3 Rb2
44.Qd3 Rxb7 45.Qxa6 Rb3+ 46.Ke2 Kg7 47.Qa4 Rb2+ 48.Kf3 Rb7 49.Be3 Nf8 50.f5 Nd7
51.Ke2 Ne5 52.Qa6 Rb2+ 53.Kd1 g5 54.Bd4 Rh2 55.Qb5 Nxg4 56.hxg4 Bxd4 57.Qd5 Bf6
58.Qf3 Rb2 59.Kc1 Ra2 60.Qd5 Rb2 61.Qe4 Rf2 62.Qd3 Bb2+ 63.Kd1 Bf6 64.Kc1 Rf4
65.Qh3 Be5 66.Kd1 Ra4 67.Qf3 Ra2 68.Kc1 Rh2 69.Kd1 Bf6 70.Kc1 Rh4 71.Kc2 Rh2+
72.Kc1 Ra2 73.Qd5 Ra4 74.Qf3 Be5 75.Kd1 Rc4 76.Qe2 Rd4+ 77.Kc2 Bf6 78.Qf3 Rc4+
79.Kd1 Rc3 80.Qg2 Ra3 81.Qe4 Rg3 82.Ke2 h5 83.gxh5 Rh3 84.Qg4 Rh4 85.Qf3 Rf4
86.Qd5 Rh4 87.Qf3 Rd4 88.Qc6 Rh4  1/2-1/2

[Event "Australian Open"]
[Site "Manly Sydney AUS"]
[Date "2009.01.04"]
[Round "5"]
[White "Harp,J"]
[Black "Rachmadi,H"]
[Result "1/2-1/2"]
[WhiteElo "2031"]
[BlackElo "1840"]

1.d4 Nf6 2.c4 g6 3.Nc3 Bg7 4.e4 d6 5.Nf3 O-O 6.Be2 e5 7.d5 Nh5 8.g3 c6 9.O-O Nf6
10.Ne1 cxd5 11.cxd5 Nbd7 12.Be3 a6 13.Nd3 b6 14.f3 Rb8 15.Nb4 Bb7 16.Nxa6 Ra8
17.Nb4 Nc5 18.Bb5 Nh5 19.Qd2 f5 20.Nc6 Qf6 21.b4 f4 22.Bf2 fxg3 23.hxg3 Qxf3
24.Be1 Qg4 25.bxc5 bxc5 26.Qg2 Bh6 27.Be2 Be3+ 28.Kh1 Qg5 29.Nd1 Bd4 30.Nxd4 exd4
31.Rb1 Bc8 32.Rxf8+ Kxf8 33.a4 Nf6 34.Nf2 Qe3 35.Qf3 Kg7 36.a5 h5 37.Qxe3 dxe3
38.Nd1 Bg4 39.Bxg4 Nxg4 40.Kg2 Kf6 41.Rb7 Ke5 42.Re7+ Kd4 43.Rf7 Kxe4 44.Nc3+ Kd3
45.Na4 c4 46.Nb6 Ra6 47.Rc7 Ke2 48.Bb4 Kd1 49.Nxc4 Ra8 50.Nxd6 e2 51.Re7 Rb8
52.Bc3 Rb3 53.Ne4 Ra3 54.Nf2+ Nxf2 55.Kxf2 Rxc3 56.Rxe2 Rc5 57.Ra2 Rxd5 58.a6 Rd8
59.a7 Ra8  1/2-1/2

[Event "XX Open"]
[Site "Roquetas de Mar ESP"]
[Date "2009.01.04"]
[Round "5"]
[White "Cruz,Cr"]
[Black "Camacho Collados,J"]
[Result "1-0"]
[WhiteElo "2545"]
[BlackElo "2359"]

1.d4 Nf6 2.c4 g6 3.Nc3 Bg7 4.e4 d6 5.Nf3 O-O 6.Be2 Na6 7.O-O e5 8.Be3 Ng4
9.Bg5 Qe8 10.h3 h6 11.Bc1 Nf6 12.dxe5 dxe5 13.Be3 Nh5 14.Qc1 Nf4 15.Bxf4 exf4
16.Qxf4 f5 17.e5 Nc5 18.Nd5 g5 19.Qe3 Ne6 20.Bd3 c6 21.Nf6+ Bxf6 22.exf6 Rxf6
23.Rfe1 Qf8 24.Rad1 Qc5 25.Qd2 Ng7 26.Qc3 Qf8 27.c5 Be6 28.Bc4 Bxc4 29.Qxc4+ Qf7
30.Qc3 Re6 31.Rxe6 Nxe6 32.Ne5 Qf6 33.Rd7 Re8 34.Rxb7 Nd8 35.Rd7 Qxe5 36.Qxe5 Rxe5
37.Rxd8+ Kf7 38.b4 a5 39.a3 Re1+ 40.Kh2 Ra1 41.Rd7+ Kf8 42.b5 cxb5 43.c6 Ke8
44.Rb7 Rc1 45.Rxb5 f4 46.h4 gxh4 47.Rxa5 Rxc6 48.Re5+ Kd7 49.Re4 Rf6 50.f3 Rf5
51.Kh3 Kd6 52.Kxh4 Kd7 53.a4 Kd6 54.Rb4 Kd7 55.Rb5 Rf8 56.a5 Rg8 57.a6 Rxg2
58.Ra5 Rg8 59.a7 Ra8 60.Kh5 Ke6 61.Kxh6 Kf6 62.Kh5 Ke6 63.Kg4 Kd6 64.Kxf4 Ke6
65.Ke4 Kd6 66.f4 Ke6 67.Ra6+ Ke7 68.Kd5 Kd7 69.f5 Ke7 70.Kc6  1-0

[Event "Open A"]
[Site "Gjovik NOR"]
[Date "2009.01.05"]
[Round "7"]
[White "Demac,E"]
[Black "Getz,N"]
[Result "0-1"]
[WhiteElo "1993"]
[BlackElo "2176"]

1.d4 Nf6 2.Nf3 g6 3.c4 Bg7 4.Nc3 O-O 5.e4 d6 6.Be2 e5 7.d5 Na6 8.Nd2 Ne8
9.O-O c5 10.dxc6 bxc6 11.Rb1 Rb8 12.a3 f5 13.f3 Bh6 14.b4 Nac7 15.Nb3 Bxc1
16.Rxc1 Be6 17.Na5 Bd7 18.exf5 gxf5 19.f4 Ne6 20.fxe5 dxe5 21.c5 Nd4 22.Bc4+ Kh8
23.Ne2 Nxe2+ 24.Qxe2 Qe7 25.Rcd1 Nf6 26.Rd6 Rbc8 27.Rfd1 Rc7 28.Qf3 Ne4 29.Qd3 Qg5
30.Re1 Qg7 31.Rxe4 fxe4 32.Qxe4 Rf4 33.Qe3 Rd4 34.Rxd4 exd4 35.Qg3 Qxg3 36.hxg3 Bf5
37.Kf2 Be4 38.Be2 Re7 39.Bf3 Bxf3 40.gxf3 d3 41.Nc4 Re2+ 42.Kf1 a6 43.f4 Kg7
44.a4 Re4  0-1

[Event "Petrovskaya Ladya GM1"]
[Site "Peterhof RUS"]
[Date "2009.01.05"]
[Round "4"]
[White "Savchenko,S"]
[Black "Levin,Ev"]
[Result "1/2-1/2"]
[WhiteElo "2572"]
[BlackElo "2484"]

1.d4 Nf6 2.c4 g6 3.Nc3 Bg7 4.e4 d6 5.Nf3 O-O 6.Be2 e5 7.O-O Nbd7 8.Re1 h6
9.Bf1 Nh7 10.dxe5 dxe5 11.b4 Re8 12.Be3 Nhf8 13.Qc1 Kh7 14.Rd1 Ne6 15.c5 c6
16.Nd2 a5 17.a3 Nd4 18.Rb1 axb4 19.axb4 b5 20.cxb6 Nxb6 21.Nb3 Be6  1/2-1/2

[Event "Open A"]
[Site "Gjovik NOR"]
[Date "2009.01.06"]
[Round "8"]
[White "Bjerke,R"]
[Black "Gullaksen,E"]
[Result "1/2-1/2"]
[WhiteElo "2179"]
[BlackElo "2400"]

1.d4 Nf6 2.c4 g6 3.Nc3 Bg7 4.e4 d6 5.Nf3 O-O 6.Be2 Na6 7.O-O e5 8.Be3 Ng4
9.Bg5 Qe8 10.dxe5 dxe5 11.h3 f6 12.Bd2 Nh6 13.c5 Nxc5 14.Qc1 Nf7 15.Nd5 Ne6
16.Nxc7 Nxc7 17.Qxc7 Nd8 18.Rac1 Be6 19.Bc4 Rf7 20.Qa5 Nc6 21.Qb5 Rd7 22.Be3 Rad8
23.Qb3 Kf7 24.Bxe6+ Qxe6 25.Qa4 Nd4 26.Bxd4 exd4 27.e5 Kg8 28.exf6 Qxf6 29.Rfe1 d3
30.Rc8 Rxc8 31.Qxd7 Rd8 32.Re8+ Rxe8 33.Qxe8+ Bf8 34.Qb5 Qd6 35.Qb3+ Kh8
36.Qc3+ Kg8 37.Qb3+ Kh8 38.Qc3+ Kg8  1/2-1/2

[Event "Australian Open"]
[Site "Manly Sydney AUS"]
[Date "2009.01.07"]
[Round "7"]
[White "Furst,A"]
[Black "Canfell,M"]
[Result "1-0"]
[WhiteElo "2062"]
[BlackElo "1931"]

1.d4 Nf6 2.c4 g6 3.Nc3 Bg7 4.e4 d6 5.Be2 O-O 6.Nf3 e5 7.O-O Na6 8.Re1 c6
9.h3 exd4 10.Nxd4 Nc5 11.Bf3 a5 12.Bf4 Ne8 13.Qd2 Be6 14.b3 Qe7 15.Rad1 Be5
16.Bg5 Bf6 17.Bh6 Bg7 18.Bxg7 Kxg7 19.Nf5+ Bxf5 20.exf5 Qf6 21.fxg6 fxg6
22.Ne4 Nxe4 23.Rxe4 a4 24.b4 Rd8 25.Rde1 Nc7 26.Re7+ Rf7 27.Qe3 Rd7 28.Rxd7 Rxd7
29.Bg4 Rf7 30.Bc8 b6 31.a3 c5 32.bxc5 dxc5 33.Bg4 Kf8 34.Rd1 Re7 35.Qh6+ Qg7
36.Rd8+ Kf7 37.Qf4+  1-0

[Event "14th Open"]
[Site "Bosnjaci CRO"]
[Date "2009.01.08"]
[Round "8"]
[White "Martic,Z"]
[Black "Martinovic,Sa"]
[Result "0-1"]
[WhiteElo "2331"]
[BlackElo "2427"]

1.d4 Nf6 2.c4 g6 3.Nc3 Bg7 4.e4 d6 5.Nf3 O-O 6.Be2 e5 7.Be3 Na6 8.d5 Ng4
9.Bg5 f6 10.Bd2 f5 11.Ng5 Nf6 12.O-O f4 13.g3 Nxd5 14.Nxd5 Qxg5 15.Kh1 c6
16.Nc3 Nc5 17.b4 Ne6 18.Rg1 Qf6 19.b5 Nd4 20.gxf4 exf4 21.f3 Nxe2 22.Qxe2 Qd4
23.Rac1 Be6 24.Nd1 Rac8 25.Bc3 Qc5 26.Bxg7 Kxg7 27.Nf2 cxb5 28.cxb5 Qa3 29.Rxc8 Rxc8
30.Qd1 Kf7 31.Kg2 Rc5 32.h4 Rxb5 33.Qd2 Qe3 34.Qxd6 Bh3+  0-1

[Event "Australian Open"]
[Site "Manly Sydney AUS"]
[Date "2009.01.08"]
[Round "8"]
[White "Van der Wal,F"]
[Black "Furst,A"]
[Result "1/2-1/2"]
[WhiteElo "1944"]
[BlackElo "2062"]

1.Nf3 Nf6 2.c4 g6 3.Nc3 Bg7 4.e4 d6 5.d4 O-O 6.Be2 e5 7.Bg5 Nbd7 8.Qd2 c6
9.O-O Re8 10.Rad1 Qc7 11.dxe5 dxe5 12.b4 a5 13.a3 axb4 14.axb4 Qb6 15.Rb1 Bf8
16.c5 Qc7 17.Rfd1 Be7 18.Bh4 b6 19.cxb6 Nxb6 20.Qc2 Ra7 21.Rdc1 Qb8 22.b5 c5
23.Bg3 Bd6 24.Nd2 Be6 25.f3 Rc8 26.Bf2 Nfd7 27.Ra1 Rcc7 28.Na4 Qa8 29.Nxb6 Nxb6
30.Rxa7 Rxa7 31.Nc4 Ra2 32.Qd1 Rxe2 33.Qxe2 Nxc4 34.g3 Nb6 35.Bxc5 Bxc5+
36.Rxc5 Qa1+ 37.Kg2 Qd4 38.Rc2 Nc4 39.Rc1 Ne3+ 40.Kh1 Bh3 41.Rg1 Bd7 42.Re1 Nc4
43.Rd1 Qa7 44.Qxc4 Qf2 45.Rf1 Qd2 46.b6 Bh3 47.Rg1 Qe3 48.Rf1 Bxf1 49.Qxf1 Qxb6
50.Qa1  1/2-1/2

[Event "Australian Open"]
[Site "Manly Sydney AUS"]
[Date "2009.01.10"]
[Round "10"]
[White "Ruan,J"]
[Black "Furst,A"]
[Result "0-1"]
[WhiteElo "1908"]
[BlackElo "2062"]

1.d4 g6 2.c4 Bg7 3.Nc3 d6 4.e4 Nf6 5.Nf3 O-O 6.Be2 e5 7.dxe5 dxe5 8.Qxd8 Rxd8
9.Bg5 Re8 10.Nd5 Nxd5 11.cxd5 a6 12.O-O c6 13.Bc4 b5 14.Bb3 c5 15.a4 c4 16.Bc2 Bd7
17.Bd2 Bf8 18.Bc3 Bd6 19.axb5 Bxb5 20.Nd2 Nd7 21.Ra2 Kf8 22.Rfa1 Ke7 23.Nb1 Rec8
24.Na3 Rab8 25.Nb1 Bc5 26.Nd2 Kd6 27.Nf3 f6 28.Kf1 Rb7 29.Ke1 Ra8 30.Nd2 Bd4
31.Nf3 Bb6 32.Ba4 Rc8 33.Bc2 Nc5 34.Nd2 Ra7 35.Bb4 a5 36.Bc3 Rca8 37.Ra3 Kc7
38.R3a2 Kd7 39.Ra3 a4 40.Bb4 Na6 41.Bc3 Nc5 42.Bb4 Nb3 43.Rb1 Ba5 44.Bxa5 Rxa5
45.Bd1 Kd6 46.Be2 Kc5 47.Rd1 Kb4 48.Ra2 a3 49.bxa3+ Rxa3 50.Rxa3 Rxa3 51.Nxb3 Rxb3
52.d6 Bd7 53.Rc1 c3 54.Bd1 Rb2 55.Rc2 Rb1 56.Ra2 Be6 57.Ra4+ Kb5 58.d7 Bxd7
59.Ra7 c2 60.Rb7+ Kc6 61.Rxb1 cxb1=Q 62.f3 Kc5 63.Kd2 Kd4 64.Bc2 Qb2 65.Kd1 Kc3  0-1

[Event "Paul Keres Mem Prelim"]
[Site "Tallinn EST"]
[Date "2009.01.10"]
[Round "6"]
[White "Sharankov,G"]
[Black "Sepp,O"]
[Result "1/2-1/2"]
[WhiteElo "2192"]
[BlackElo "2457"]

1.d4 Nf6 2.Nf3 g6 3.c4 Bg7 4.Nc3 O-O 5.e4 d6 6.Be2 e5 7.O-O Na6 8.Re1 Qe8
9.dxe5 dxe5 10.h3 c6 11.Qc2 Qe7 12.Be3 Nh5 13.Kh2 Nc5 14.Rad1 Ne6 15.g3 f5
16.exf5 gxf5 17.Nh4 f4 18.Bxh5 fxe3 19.fxe3 Ng5 20.Bg4 Bxg4 21.hxg4 e4 22.Rf1 Qe6
23.Rf5 h6 24.c5 Rad8 25.Rdf1 Rd3 26.Qf2 Rfd8 27.Qf4 Rd2+ 28.Kh1 Rxb2 29.Rxg5 hxg5
30.Qxg5 Rdd2 31.Nd1 Rxa2  1/2-1/2

[Event "Paul Keres Mem Men"]
[Site "Tallinn EST"]
[Date "2009.01.11"]
[Round "6"]
[White "Sharankov,G"]
[Black "Sepp,O"]
[Result "1/2-1/2"]
[WhiteElo "2192"]
[BlackElo "2457"]

1.d4 Nf6 2.Nf3 g6 3.c4 Bg7 4.Nc3 O-O 5.e4 d6 6.Be2 e5 7.O-O Na6 8.Re1 Qe8
9.dxe5 dxe5 10.h3 c6 11.Be3 Qe7 12.Qc2 Nh5 13.Rad1 Nc5 14.b4 Ne6 15.c5 Nhf4
16.Bf1 Qf6 17.Bxf4 Nxf4 18.Nd2 Qg5 19.Kh2 Be6 20.Re3 Rad8 21.g3 Nh5 22.Nf3 Qf6
23.Be2 Rxd1 24.Qxd1 Qe7 25.Nd2 Rd8 26.Bxh5 gxh5 27.Qe2 Bxh3 28.Kxh3 Qd7+
29.Kg2 Qxd2 30.Qxh5 Rd3 31.Rxd3 Qxd3 32.Qf3 Qd4 33.a3 a5 34.Qd1 axb4 35.axb4 Qxc3
36.Qd8+ Bf8 37.Qg5+  1/2-1/2

[Event "6th ch-Mediterranean"]
[Site "Antalya TUR"]
[Date "2009.01.13"]
[Round "4"]
[White "Yanik,E"]
[Black "Sanal,V"]
[Result "0-1"]
[WhiteElo "2046"]
[BlackElo "1873"]

1.d4 Nf6 2.Nf3 g6 3.c4 Bg7 4.Nc3 O-O 5.e4 d6 6.Be2 e5 7.d5 Na6 8.O-O Nc5
9.Qc2 a5 10.Bg5 h6 11.Be3 Nh5 12.Qc1 Kh7 13.Ne1 Qh4 14.g3 Qe7 15.Qd1 Bh3
16.Ng2 Nf6 17.f3 Nh5 18.Rf2 f5 19.Bxc5 dxc5 20.Qd2 f4 21.g4 Nf6 22.Rd1 h5
23.gxh5 Bh6 24.hxg6+ Kxg6 25.d6 Qg7 26.dxc7 Qxc7 27.Qd6 Qg7 28.Qxe5 Rae8
29.Qxc5 Nd7 30.Rd6+ Rf6 31.Qd4 Rxd6 32.Qxd6+ Re6 33.Qd2 Ne5 34.Kh1 Kh7 35.Bf1 Rg6
36.Nd5 Ng4 37.Re2 Ne5 38.Qc3 b6 39.Rf2 Bg5 40.Rd2 Bh6 41.a3 a4 42.Rf2 Bg5
43.Rd2 Bh6 44.Nb4 Qe7 45.Rd5 Bg7 46.Qe1 Nxf3 47.Qf2 Ng5 48.e5 f3 49.Nf4 Rh6
50.Bd3+ Kg8 51.Ng6 Bg2+ 52.Qxg2 fxg2+ 53.Kxg2 Qe6 54.Rd8+ Kf7 55.Nf4 Qg4+
56.Kh1 Rxh2+ 57.Kxh2 Nf3+  0-1

[Event "ch-AZE"]
[Site "Baku AZE"]
[Date "2009.01.14"]
[Round "2"]
[White "Abbasov,F"]
[Black "Babaev,Ra"]
[Result "1/2-1/2"]
[WhiteElo "2565"]
[BlackElo "2491"]

1.d4 Nf6 2.c4 g6 3.Nc3 Bg7 4.e4 d6 5.Nf3 O-O 6.Be2 e5 7.O-O exd4 8.Nxd4 Nc6
9.Be3 Re8 10.f3 Nh5 11.Nxc6 bxc6 12.Qd2 f5  1/2-1/2

[Event "Queenstown Classic"]
[Site "Queenstown NZL"]
[Date "2009.01.15"]
[Round "1"]
[White "Steadman,M"]
[Black "Oliver,S"]
[Result "1-0"]
[WhiteElo "2273"]
[BlackElo "1937"]

1.d4 Nf6 2.c4 g6 3.Nc3 Bg7 4.e4 d6 5.Be2 O-O 6.Nf3 e5 7.d5 Na6 8.Nd2 Ne8
9.g4 Kh8 10.h4 h6 11.Nf1 Bd7 12.Be3 f5 13.gxf5 gxf5 14.exf5 Bxf5 15.Ng3 Bg6
16.Qd2 Kh7 17.h5 Bf7 18.Bd3+ Kh8 19.Bxh6 Rg8 20.Bxg7+ Rxg7 21.Nf5 Rg5 22.Ne4 Rg4
23.Qh6+ Kg8 24.f3 Rxe4+ 25.Bxe4 Qf6 26.Rg1+  1-0

[Event "TCh-AUT 2nd Bundesliga West 2008-9"]
[Site "Austria AUT"]
[Date "2009.01.17"]
[Round "7"]
[White "Mira,H"]
[Black "Ager,J"]
[Result "0-1"]
[WhiteElo "2115"]
[BlackElo "2231"]

1.Nf3 Nf6 2.c4 g6 3.Nc3 Bg7 4.e4 d6 5.d4 O-O 6.Be2 e5 7.dxe5 dxe5 8.Qxd8 Rxd8
9.Bg5 Nbd7 10.Nd5 c6 11.Nxf6+ Nxf6 12.O-O Re8 13.Nd2 Nd7 14.Rfd1 Nc5 15.Be3 Ne6
16.Nb3 Bf8 17.Bg4 a5 18.Bxe6 Bxe6 19.Rac1 b5 20.Nd2 Red8 21.b3 Ba3 22.Rb1 Kg7
23.Kf1 h6 24.Ke2 f5 25.f3 Rd7 26.exf5 gxf5 27.cxb5 cxb5 28.Nf1 Rc7 29.Rd2 f4
30.Bb6 Rc6 31.Bg1 Bb4 32.Rdb2 Bf5 33.Rd1 Bc3 34.Rc1 Rac8 35.Rd2 Bxd2 36.Rxc6 Rxc6
37.Nxd2 Rc2 38.a3 Kf7 39.Bb6 a4 40.bxa4 bxa4 41.Ba5 Rc1 42.Kf2 Bd3 43.g3 Ke6
44.gxf4 exf4 45.Bb4 Kf5 46.Kg2 Re1 47.Kf2 Re2+ 48.Kg1 h5 49.h4 Ke6 50.Bc3 Kd5
51.Kh1 Re1+ 52.Kg2 Rc1 53.Ba5 Rc2 54.Kf2 Ra2 55.Bb4 Kd4 56.Ke1 Bf5 57.Ke2 Be6
58.Bd6 Bc4+ 59.Ke1 Bd3 60.Bb4 Bf5 61.Ke2 Ra1 62.Be7 Rh1 63.Bf6+ Kd5 64.Kf2 Ke6
65.Bg5 Ra1 66.Bxf4 Kd5 67.Bh6 Rxa3 68.Kg3 Rd3 69.Nf1 a3 70.Ne3+ Rxe3  0-1

[Event "ch-AZE"]
[Site "Baku AZE"]
[Date "2009.01.17"]
[Round "5"]
[White "Ibrahimov,R"]
[Black "Babaev,Ra"]
[Result "1/2-1/2"]
[WhiteElo "2568"]
[BlackElo "2491"]

1.Nf3 Nf6 2.c4 g6 3.Nc3 Bg7 4.e4 d6 5.d4 O-O 6.Be2 e5 7.Be3 exd4 8.Nxd4 Re8
9.f3 c6 10.Bf2 d5 11.exd5 cxd5 12.O-O Nc6 13.c5 Nh5 14.Qd2 Be5 15.g3 Ng7
16.Rfd1 a6 17.Bf1 Be6 18.Nce2 Qd7 19.Nxe6 fxe6 20.Rab1 Bf6 21.f4 Rad8 22.Bg2 Qe7
23.b4 g5 24.a4 gxf4 25.Nxf4 Ne5 26.Qe2 Kh8 27.b5  1/2-1/2

[Event "GM"]
[Site "Marianske Lazne CZE"]
[Date "2009.01.17"]
[Round "1"]
[White "Dobrowolski,P"]
[Black "Ivanov,MM"]
[Result "1-0"]
[WhiteElo "2421"]
[BlackElo "2497"]

1.d4 Nf6 2.c4 g6 3.Nc3 Bg7 4.e4 d6 5.Nf3 O-O 6.Be2 Nbd7 7.O-O e5 8.Be3 c6
9.Qc2 Ng4 10.Bg5 f6 11.Bc1 Qe7 12.Rd1 Kh8 13.b3 f5 14.h3 Nh6 15.dxe5 dxe5
16.a4 Nc5 17.Ba3 a5 18.Ne1 b6 19.Nd3 Nf7 20.Rab1 Ng5 21.Nxc5 bxc5 22.Qd2 Ne6
23.Qd6 Qb7 24.Bxc5 Nxc5 25.Qxc5 Qb4 26.Qxb4 axb4 27.Na2 Rb8 28.Bf3 c5 29.Rd5 fxe4
30.Bg4 Bxg4 31.hxg4 Rbc8 32.Rbd1 e3 33.fxe3 e4 34.Nc1 Bf6 35.Ne2 Be7 36.g3 Bf6
37.g5 Be7 38.Nf4 Kg7 39.Kg2  1-0

[Event "ch-BLR"]
[Site "Minsk BLR"]
[Date "2009.01.17"]
[Round "5"]
[White "Podolchenko,E"]
[Black "Teterev,V"]
[Result "1/2-1/2"]
[WhiteElo "2475"]
[BlackElo "2530"]

1.d4 Nf6 2.c4 g6 3.Nc3 Bg7 4.e4 O-O 5.Nf3 d6 6.Be2 e5 7.O-O exd4 8.Nxd4 Re8
9.f3 Nc6 10.Be3 Nh5 11.Qd2 Nf4 12.Nxc6 Nxe2+ 13.Nxe2 bxc6 14.Bd4 f6 15.Rfd1  1/2-1/2

[Event "TCh-BEL 2008-9"]
[Site "Belgium BEL"]
[Date "2009.01.18"]
[Round "7"]
[White "Ris,R"]
[Black "Van Oosterom,C"]
[Result "1-0"]
[WhiteElo "2417"]
[BlackElo "2428"]

1.d4 Nf6 2.Nf3 g6 3.c4 Bg7 4.Nc3 O-O 5.e4 d6 6.Be2 Na6 7.O-O e5 8.Be3 Ng4
9.Bg5 Qe8 10.dxe5 dxe5 11.h3 f6 12.Bd2 Nh6 13.c5 c6 14.Bxa6 bxa6 15.Bxh6 Bxh6
16.Qa4 Rb8 17.b3 Rb7 18.Rad1 Rd7 19.Rxd7 Qxd7 20.Rd1 Qb7 21.Rd6 Bd7 22.Nd5 Bg7
23.Ne7+ Kh8 24.Nxc6 Be8 25.Nd8 Qc7 26.Qc4 Qa5 27.a4 f5 28.Ne6 Bf7 29.Qxa6  1-0

[Event "ch-BLR"]
[Site "Minsk BLR"]
[Date "2009.01.18"]
[Round "6"]
[White "Zhigalko,A"]
[Black "Tihonov,J"]
[Result "1-0"]
[WhiteElo "2572"]
[BlackElo "2460"]

1.c4 Nf6 2.d4 g6 3.Nc3 Bg7 4.e4 d6 5.Nf3 O-O 6.Be2 e5 7.O-O Qe8 8.dxe5 dxe5
9.b4 Qe7 10.b5 c6 11.a4 Rd8 12.Qc2 Nh5 13.g3 Nd7 14.Ba3 Qe8 15.Rfd1 Nf8 16.Rxd8 Qxd8
17.Rd1 Qe8 18.Bd6 f6 19.Nh4 Ne6 20.Bxh5 Nd4 21.Qd3 gxh5 22.Ne2 Nxe2+ 23.Qxe2 Be6
24.Nf5 Qf7 25.bxc6 bxc6 26.c5 Re8 27.h4 Kh8 28.Kh2 Bc4 29.Qf3 Be6 30.Rb1 Bc8
31.Rb2 Be6 32.Rb4 Bc8 33.Qd1 Be6 34.Qb1 Bc8 35.Rb8 Bf8 36.a5 Kg8 37.a6 Qc4
38.Bxf8 Kxf8 39.Rxc8  1-0

[Event "Petrovskaya Ladya GM2"]
[Site "Peterhof RUS"]
[Date "2009.01.18"]
[Round "6"]
[White "Trushelyov,V"]
[Black "Khuseinkhodzhaev,M"]
[Result "1/2-1/2"]
[WhiteElo "2354"]
[BlackElo "2373"]

1.d4 Nf6 2.c4 g6 3.Nc3 Bg7 4.e4 d6 5.Nf3 O-O 6.Be2 e5 7.Be3 Nc6 8.O-O Bg4
9.d5 Ne7 10.b4 Nd7 11.Qd2 Nb6 12.c5 Bxf3 13.cxb6 Bxe2 14.bxc7 Qxc7 15.Nxe2 f5
16.Rac1 Qd7 17.f3 a6 18.Bg5 Bf6 19.Bxf6 Rxf6 20.Ng3 Rff8 21.Qd3 f4 22.Nh1 Rac8
23.Nf2 Rxc1 24.Rxc1 Rc8 25.Rc3 Rxc3 26.Qxc3 Qc8 27.Qxc8+ Nxc8 28.Nd1 Na7
29.Nc3 Nb5 30.Nxb5 axb5 31.g4 h6 32.h4 g5 33.hxg5 hxg5 34.Kf2 Kf7 35.Ke2 Ke7
36.Kd3 Kd7 37.Kc3 Kc7 38.Kb3 Kb6 39.Kc3 Ka6 40.Kb3 Kb6 41.Kc3 Ka6 42.Kb3 b6
43.a4 Kb7  1/2-1/2

[Event "Petrovskaya Ladya GM2"]
[Site "Peterhof RUS"]
[Date "2009.01.18"]
[Round "7"]
[White "Yevseev,D"]
[Black "Khruschiov,A"]
[Result "1/2-1/2"]
[WhiteElo "2538"]
[BlackElo "2498"]

1.d4 Nf6 2.Nf3 g6 3.c4 Bg7 4.Nc3 O-O 5.e4 d6 6.Be2 e5 7.Be3 Ng4 8.Bg5 f6
9.Bc1 Nc6 10.d5 Nd4 11.Nxd4 exd4 12.Nb5 f5 13.O-O Ne5 14.exf5 d3 15.Bxd3 Nxd3
16.Qxd3 Bxf5 17.Qg3 Be5 18.Bg5 Qd7 19.Qb3 a6 20.Na3 Qg7 21.Rae1 Rae8 22.Nc2 Bxb2
23.Ne3 Bc8 24.Bh6 Qxh6 25.Qxb2 Re4 26.g3 Bh3 27.Ng2 Qh5 28.Rxe4 Qf3 29.Nf4 Rxf4
30.Re8+ Kf7 31.Rf8+ Kxf8 32.Qh8+ Kf7 33.Qxh7+ Kf6 34.Qh8+ Kg5 35.Qxh3 Rxc4
36.Qe6 Re4 37.Qc8 Re2 38.Qxb7 Rxa2 39.Qxc7 Qxd5 40.Qd8+ Kh6 41.Qh8+ Kg5 42.Qh4+ Kf5
43.Re1 Qf3 44.Qh3+ Kg5 45.Qh4+ Kf5 46.Qh3+ Kg5 47.Qh4+  1/2-1/2

[Event "ch-AZE"]
[Site "Baku AZE"]
[Date "2009.01.19"]
[Round "7"]
[White "Gasimov,R"]
[Black "Rasulov,Vu"]
[Result "1/2-1/2"]
[WhiteElo "2409"]
[BlackElo "2391"]

1.d4 Nf6 2.Nf3 g6 3.c4 Bg7 4.Nc3 O-O 5.e4 d6 6.Be2 e5 7.dxe5 dxe5 8.Qxd8 Rxd8
9.Bg5 Re8 10.Nd5 Nxd5 11.cxd5 c6 12.Bc4 Nd7 13.dxc6 bxc6 14.Be3 h6 15.O-O Bf8
16.Rac1 Bb7 17.Nd2 Kg7 18.Nb3 a5 19.Rfd1 Red8 20.a4 Bb4 21.f3 g5 22.Rd3 Kf6
23.Rcd1 Ke7 24.h4 gxh4 25.Kh2 Bc8 26.Bxh6 Rh8 27.Be3 Rb8 28.Ba7 Rb7 29.Bf2 Rb8
30.Ba7 Ra8 31.Be3 Rh5 32.Rc1 Rb8 33.Ba7 Rb7 34.Be3 Rb8 35.Ba7 Ra8 36.Be3 Rb8
37.Ba7 Ra8 38.Be3 Rb8 39.Bd2 Nb6 40.Bxb4+ axb4 41.Nc5 Ra8 42.Bb3 Rh6 43.Rdd1 Rd6
44.Nd3 f6 45.Nxb4 Bd7 46.Rxd6 Kxd6 47.Rd1+ Ke7 48.Nd3 Nxa4 49.f4 exf4 50.Ra1 Nxb2
51.Rxa8 Nxd3 52.Rh8 Be6 53.Bxe6 Kxe6 54.Kh3 c5 55.Kxh4 Ne5 56.Rc8 c4 57.Rd8 Nc6
58.Rd5 Ne5 59.Rd8 Kf7 60.Kh3 Ke6 61.Kh4 Ke7 62.Rd5 Nd7 63.Rd4 Ne5 64.Rd5  1/2-1/2

[Event "ch-BLR"]
[Site "Minsk BLR"]
[Date "2009.01.19"]
[Round "7"]
[White "Tihonov,J"]
[Black "Teterev,V"]
[Result "1-0"]
[WhiteElo "2460"]
[BlackElo "2530"]

1.d4 Nf6 2.c4 g6 3.Nc3 Bg7 4.e4 O-O 5.Nf3 d6 6.Be2 e5 7.O-O exd4 8.Nxd4 Re8
9.f3 Nc6 10.Be3 Nh5 11.Qd2 Nf4 12.Rfd1 Nxe2+ 13.Ndxe2 Ne5 14.b3 b6 15.Rac1 Bb7
16.Nd5 f6 17.Rc2 Qd7 18.Ng3 Qf7 19.Qc1 Rad8 20.h3 Rd7 21.Re2 f5 22.f4 Nc6
23.exf5 gxf5 24.Qd2 Rf8 25.Kh2 Ne7 26.Bd4 Nxd5 27.Bxg7 Qxg7 28.cxd5 Qh6 29.Re6 Qh4
30.Nf1 Rg7 31.Rde1 c6 32.g3 Qh5 33.dxc6 Bxc6 34.Qxd6 Be4 35.Nd2 Rc8 36.R6xe4  1-0

[Event "Open"]
[Site "Marianske Lazne CZE"]
[Date "2009.01.20"]
[Round "4"]
[White "Galochkin,S"]
[Black "Knapik,A2"]
[Result "1/2-1/2"]
[WhiteElo "2052"]
[BlackElo "1755"]

1.Nf3 Nf6 2.c4 g6 3.Nc3 Bg7 4.e4 d6 5.d4 O-O 6.Be2 Nbd7 7.O-O e5 8.Be3 exd4
9.Nxd4 Re8 10.f3 a5 11.Qd2 Nc5 12.Rad1 Ne6 13.b3 Nxd4 14.Bxd4 Bd7 15.Rfe1 Bc6
16.Nd5 Bxd5 17.cxd5 Nd7 18.Bxg7 Kxg7 19.Bb5 Re7 20.Bxd7 Qxd7 21.Qd4+ f6 22.Re2 Rae8
23.Rc2 Kf7 24.Rdc1 Rc8 25.Qd3 f5 26.exf5 Qxf5 27.Qxf5+ gxf5 28.Kf2 Kf6 29.f4 Kf7
30.Kf3 Ke8 31.h3 h5 32.g4 hxg4+ 33.hxg4 fxg4+ 34.Kxg4 Rg7+ 35.Kf5 Kd7 36.Ke4 c6
37.dxc6+ bxc6 38.Kd4 Rf7 39.Rf1 Rcf8 40.Rcf2 Rf5 41.a3 Rd5+ 42.Kc4 Rc5+ 43.Kd4 Rd5+
44.Ke4 Rc5  1/2-1/2

[Event "Queenstown Classic"]
[Site "Queenstown NZL"]
[Date "2009.01.20"]
[Round "6"]
[White "Motoc,A"]
[Black "Dragicevic,Do"]
[Result "0-1"]
[WhiteElo "2358"]
[BlackElo "2205"]

1.d4 d6 2.c4 Nd7 3.Nc3 Ngf6 4.e4 e5 5.Nf3 g6 6.Be2 Bg7 7.O-O O-O 8.Re1 Re8
9.Bf1 c6 10.Rb1 a5 11.b3 Qc7 12.a3 exd4 13.Nxd4 Nc5 14.f3 Bd7 15.Be3 Rad8
16.b4 axb4 17.axb4 Ne6 18.Rc1 Bc8 19.Nd5 Qb8 20.Nb6 d5 21.cxd5 cxd5 22.Bb5 Re7
23.exd5 Ng4 24.fxg4 Nxd4 25.d6 Rxe3 26.Rxe3 Nxb5 27.Rxc8 Rxc8 28.Nxc8 Bd4
29.Qxd4 Nxd4 30.d7 Nc6 31.b5 Nd8 32.b6 Qf4 33.Re8+ Kg7 34.Rxd8 Qd4+ 35.Kf1 Qf6+  0-1

[Event "Queenstown Classic"]
[Site "Queenstown NZL"]
[Date "2009.01.21"]
[Round "7"]
[White "Wells,P"]
[Black "Lukey,S"]
[Result "1-0"]
[WhiteElo "2513"]
[BlackElo "2247"]

1.d4 Nf6 2.c4 g6 3.Nc3 Bg7 4.e4 d6 5.Nf3 O-O 6.Be2 e5 7.Be3 Na6 8.O-O Ng4
9.Bg5 Qe8 10.dxe5 dxe5 11.h3 f6 12.Bd2 Nh6 13.c5 Nxc5 14.Qc1 Nf7 15.Nd5 Ne6
16.Nxc7 Nxc7 17.Qxc7 Nd8 18.Rfc1 Be6 19.a4 Rc8 20.Qd6 Rxc1+ 21.Rxc1 Qxa4
22.Rc7 Re8 23.Nxe5 Bf8 24.Nd7 Be7 25.Bc3 Qxe4 26.Nxf6+ Bxf6 27.Bxf6 Nf7 28.Qd4 Qxd4
29.Bxd4 Nd6 30.Rg7+ Kf8 31.Rxh7 Bg8 32.Rd7 Rxe2 33.Rxd6 Bf7 34.Rd7 b5 35.Rxa7 b4
36.Bc5+ Ke8 37.Bxb4 Rxb2 38.Re7+ Kf8 39.Re4+ Kg8 40.Bc3 Rc2 41.Re3 Bc4 42.h4 Re2
43.Rg3 Kh7 44.Bf6 Re6 45.Bg5 Kg7 46.Rg4 Bd5 47.Rd4 Rd6 48.f3 Rd7 49.Kf2 Be6
50.Re4 Kf7 51.Rf4+ Kg7 52.Bf6+ Kg8 53.Bc3 Rc7 54.Rf6 Bf7 55.Bd4 Rd7 56.Rf4 Rc7
57.g4 Rc2+ 58.Ke3 Rh2 59.Bf6 Ra2 60.Rd4 Be6 61.Be5 Kf7 62.Kf4 Ra3 63.Kg3 Ra5
64.Rf4+ Ke7 65.Bc3 Rb5 66.Bf6+ Ke8 67.Bg5 Rb3 68.Rf6 Bf7 69.Rd6 Kf8 70.Bf6 Be8
71.Kf4 Kf7 72.Be5 Ke7 73.Ra6 Bf7 74.Bd6+ Kd7 75.Ra7+ Ke6 76.Re7+ Kf6 77.g5+ Kg7
78.Rc7 Kg8 79.Rc8+ Kh7 80.Be5 Be8 81.h5 Rb4+ 82.Kg3 Rg4+ 83.fxg4  1-0

[Event "Open"]
[Site "Marianske Lazne CZE"]
[Date "2009.01.24"]
[Round "8"]
[White "Bartos,J"]
[Black "Musil,Vi"]
[Result "1-0"]
[WhiteElo "2172"]
[BlackElo "2045"]

1.d4 Nf6 2.Nf3 g6 3.c4 Bg7 4.Nc3 O-O 5.e4 d6 6.Be2 e5 7.dxe5 dxe5 8.Qxd8 Rxd8
9.Bg5 Re8 10.Nd5 Nxd5 11.cxd5 c6 12.Bc4 b5 13.Bb3 c5 14.a4 Ba6 15.axb5 Bxb5
16.Ba4 Bxa4 17.Rxa4 Nd7 18.Nd2 Nb6 19.Ra6 Rec8 20.Ke2 Rc7 21.Rha1 Nc8 22.Nc4 Rb8
23.Kd3 Rb3+ 24.Kc2 Rb4 25.b3 h6 26.Be3 Bf8 27.d6 Bxd6 28.Nxd6 Nxd6 29.Rxd6 c4
30.bxc4 Rbxc4+ 31.Kd1 Rxe4 32.Rxa7 Rxa7 33.Bxa7 Ra4 34.Be3 Kg7 35.Rd8 h5
36.Rd6 e4 37.Bd4+ Kh6 38.h4 Ra8 39.Bf6 Re8 40.Rd8 Rxd8+ 41.Bxd8 f5 42.Ke2 Kg7
43.Ke3 Kh6 44.Kf4 Kg7 45.Kg5 Kf7 46.g3  1-0